EG-AGRAR- und Regionalpolitik Konsistence interventionen oder kumulative inkonsistenzen?

Na minha lista:
Detalhes bibliográficos
Autor principal: Schrader, Jörg-Volker
Formato: Livro
Idioma:alemão
Publicado em: Kiel Institut für Weltwirtschaft 1989
Colecção:Arbeitspapier Nr. 371
Tags: Adicionar Tag
Sem tags, seja o primeiro a adicionar uma tag!

MARC

LEADER 00000nam a2200000 4500
001 c037725
005 20250526080129.8
041 0 |a ger 
044 |a DE 
245 1 0 |a EG-AGRAR- und Regionalpolitik  |b Konsistence interventionen oder kumulative inkonsistenzen?  |c Jörg-Volker Schrader 
264 1 |a Kiel  |b Institut für Weltwirtschaft  |c 1989 
300 |a 16 s. 
490 1 |a Arbeitspapier  |v Nr. 371 
830 0 |a Arbeitspapier  |v Nr. 371 
100 1 |a Schrader, Jörg-Volker